000 00282nam a2200121 a 4500
008 100917s1986|||| d
100 1 _aDangulov, Savva
245 1 0 _aRanná omša v Rapalle
260 _bPravda
_aBratislava
_c1986
020 _c28
044 _axo
_cSK
041 _aslo
999 _c10436
_d10436